000
00203nam a2200073Ia 4500
008
180219s9999 xx 000 0 und d
100
_a
Yadav K P
245
0
_a
Encyclopaedia Of Child And Primary Education
260
_a
New Delhi Sarup Soni
999
_c
41374
_d
41374